Kanada Provincie a Teritoria - Statistics

General Stats
  • This quiz has been taken 114 times
  • The average score is 7 of 13
Answers on the Map
Answers color-coded by a green-red scale on the quiz's map according to % correct below.
 
Answer Stats
Province / Territory % Correct
Québec
86%
Ontario
75%
Alberta
71%
Newfoundland a Labrador
68%
Yukon
64%
Britská Kolumbie
59%
Nunavut
57%
Manitoba
55%
Saskatchewan
55%
Nové Skotsko
52%
Nový Brunšvik
34%
Severozápadní teritoria
30%
Ostrov prince Edvarda
18%
No matching quizzes found
Score Distribution
Percent of People with Each Score
Percentile by Number Answered
Your Score History
You have not taken this quiz